A bridge over troubled waters (Record no. 117723)

MARC details
000 -LEADER
fixed length control field 01951cam a2200277 4500
001 - CONTROL NUMBER
control field ABS68013
008 - FIXED-LENGTH DATA ELEMENTS--GENERAL INFORMATION
fixed length control field 040719n2004 000 0 eng u
035 ## - SYSTEM CONTROL NUMBER
System control number (Sirsi) u126823
100 ## - MAIN ENTRY--PERSONAL NAME
Personal name Catterall, S.
245 #2 - TITLE STATEMENT
Title A bridge over troubled waters
260 ## - PUBLICATION, DISTRIBUTION, ETC.
Date of publication, distribution, etc. 2004
490 ## - SERIES STATEMENT
Series statement Estates Gazette
Volume/sequential designation (0427) 3 July 2004, 120-122(3)
520 ## - SUMMARY, ETC.
Summary, etc. "Waters and others v Welsh Development Agency" ([2004] UKHL 19, Abs67824) provides an indepth analysis into the state of the law regarding the payment of compensation where land is being acquired for development under a compulsory purchase order. Explains the background to the basis of valuation and the three alternative methods of valuations proposed by the claimants, these being i) as agricultural land, ii) as a nature reserve and iii) with a ransom value on the basis that the land was indispensable to the barrage scheme. The appeal was based upon the third method of valuation. Raises a number of issues including value of the land, value to the owner principle, "Point Gourde", the Land Compensation Act 1961, what is to be disregarded and ransom value. HL held that the claimants' land formed an integral part of the scheme and should be valued on this basis. The land's potential use as a nature reserve had to be taken into consideration when assessing compensation but market value should not include enhanced value attributable to the proposed use under the scheme. Discusses the implications of the ruling on future claims.
590 ## - LOCAL NOTE (RLIN)
Local note ABS
590 ## - LOCAL NOTE (RLIN)
Local note ABS
650 ## - SUBJECT ADDED ENTRY--TOPICAL TERM
Topical term or geographic name entry element WATERS AND OTHERS V WELSH DEVELOPMENT AGENCY
650 ## - SUBJECT ADDED ENTRY--TOPICAL TERM
Topical term or geographic name entry element COMPENSATION
650 ## - SUBJECT ADDED ENTRY--TOPICAL TERM
Topical term or geographic name entry element POINTE GOURDE QUARRYING AND TRANSPORT CO LTD V CROWN LANDS SUPERINTENDENT
650 ## - SUBJECT ADDED ENTRY--TOPICAL TERM
Topical term or geographic name entry element RANSOM VALUE
650 ## - SUBJECT ADDED ENTRY--TOPICAL TERM
Topical term or geographic name entry element NATURE RESERVES
650 ## - SUBJECT ADDED ENTRY--TOPICAL TERM
Topical term or geographic name entry element Valuation
9 (RLIN) 6273
650 ## - SUBJECT ADDED ENTRY--TOPICAL TERM
Topical term or geographic name entry element ENHANCED VALUE
650 ## - SUBJECT ADDED ENTRY--TOPICAL TERM
Topical term or geographic name entry element LAND COMPENSATION ACT 1961
690 ## - LOCAL SUBJECT ADDED ENTRY--TOPICAL TERM (OCLC, RLIN)
Topical term or geographic name as entry element COMPULSORY PURCHASE AND COMPENSATION-CASE LAW
942 ## - ADDED ENTRY ELEMENTS (KOHA)
Suppress in OPAC 0
Holdings
Withdrawn status Lost status Source of classification or shelving scheme Damaged status Not for loan Home library Current library Shelving location Date acquired Total Checkouts Full call number Barcode Date last seen Copy number Price effective from Koha item type
    Dewey Decimal Classification     London London Journal article 19/07/2004   ABS68013 126823-1001 06/08/2019 1 06/08/2019 Journal article